01423nab a22002657a 4500999001500000003000400015005001700019008004100036040000700077100002700084245013300111260007200244300001500316500005000331505028800381505012300669505009000792650002600882650002200908650001900930650003600949650002000985773013901005942001301144 c6001d6001OSt20260115222106.0190605e xxu||||| |||| 00| 0 spa d cPJ 94490aMoia, Ángel L.10aUna sentencia en dos actos. ¿Revisión de la cosa juzgada o retroactividad de un criterio jurisprudencial? /cÁngel L. Moia. aCiudad Autónoma de Buenos Aires :bThomson Reuters La Ley,c2025. ap. 104-113 aCita Online: Cita: TR LALEY AR/DOC/367/2025. aSumario: I. El caso.— II. La cosa juzgada.— III. Los fundamentos de la revisión en el caso.— IV. La revisión de la cosa juzgada.— V. Las razones de la revisión.— VI. ¿Arreglo de la cuenta de intereses o indexación del capital de la condena?— VII. Conclusiones.  aFallo comentado: CNTrab., sala X ~ 03/12/2024 ~ Tramando S.A c. Querin Cortez, Franco s/ revisión de cosa juzgada. t¿Te interesa el texto completo? Solicitalo al correo: koha@justierradelfuego.gov.ar  091316aDERECHO LABORAL 09965aCOSA JUZGADA 09533aINTERESES 093790aACTUALIZACIÓN MONETARIA 092095aSENTENCIA0 0271193168dCiudad Autónoma de Buenos Aires : Thomson Reuters La Ley, 1999-2002.tRevista de derecho del trabajo. Nº 2 - Marzo 2025 2udccANA